Chicago (Registro nro. 322400)
[ vista simple ]
| 000 -ENCABEZADO | |
|---|---|
| Número de control [NR] | 00979nam a2200217 4500 |
| 005 - FECHA Y HORA DE LA ÚLTIMA TRANSACCIÓN | |
| control field | 20230309094952.0 |
| 008 - DE LONGITUD FIJA DE DATOS DE ELEMENTOS - INFORMACIÓN GENERAL | |
| Elementos de longitud fija [NR] | 230309s19971975nyua|||gr|||| 00| 0 eng d |
| 020 ## - NUMERO INTERNACIONAL NORMALIZADO PARA LIBROS [R] | |
| Número Internacional Normalizado del libro [NR] | 0881880671 |
| 040 ## - FUENTE DE CATALOGACION [NR] | |
| Agencia de catalogación original [NR] | CO-BoUCM |
| Idioma de catalogación [NR] | spa |
| Quien Cataloga | Deissy Garcia |
| Quien Clasifica | Deissy Garcia |
| 041 0# - CODIGO DE IDIOMA [R] | |
| Código de idioma para texto/pista de sonido o título separado [R] | Inglés |
| 100 1# - ASIENTO PRINCIPAL--NOMBRE PERSONAL [NR] | |
| ID Autoridad | 176556 |
| Nombre personal [NR] | Kander, John |
| 245 10 - MENCION DE TITULO [NR] | |
| Título [NR] | Chicago |
| Parte restante del título [NR] | the musical : vocal selections |
| Mención de responsabilidad, etc. [NR] | Música de John Kander ; letras de Fred Ebb |
| 260 ## - PUBLICACION, DISTRIBUCION, ETC. (PIE DE IMPRENTA) [R] | |
| Lugar de publicación, distribución, etc. [R] | Nueva York |
| Nombre del editor, distribuidor, etc. [R] | Hal Leonard |
| Fecha de publicación, distribución, etc. [R] | 1997-1995 |
| 300 ## - DESCRIPCION FISICA [R] | |
| Extensión [R] | 1 partitura (64 páginas) |
| Otros detalles físicos [NR] | ilustraciones |
| 500 ## - NOTA GENERAL [R] | |
| Nota general [NR] | Para voz y piano con acordes |
| 505 ## - NOTA DE CONTENIDO CON FORMATO PREESTABLECIDO [R] | |
| Mención de responsabilidad [R] | And all that jazz -- Funny honey -- When you're good to Mama -- All I care about -- A little bit of good -- Roxie -- My own best friend -- Me and my baby -- Mister Cellophane -- Razzle dazzle -- Nowadays -- Class. |
| 650 #7 - ASIENTO SECUNDARIO DE MATERIA - TERMINO TEMATICO [R] | |
| Término temático o nombre geográfico como elemento de entrada [NR] | Musicales |
| Subdivisión de forma [R] | Partituras vocales con piano |
| -- | Extractos |
| 9 (RLIN) | 176613 |
| 700 1# - ASIENTO SECUNDARIO - NOMBRE PERSONAL [R] | |
| 9 (RLIN) | 176557 |
| Nombre personal [NR] | Ebb, Fred |
| 942 ## - ELEMENTOS DE ENTRADA AGREGADOS (KOHA) | |
| Sistema de clasificación | DEWEY |
| Tipo de ítem principal el descrito en 300a | Libro |
| Tema principal | Arte |
| Edición | 1 |
| Clasificación | 782.14 |
| Parte restante de la signatura top. | K162c |
| Título oculto en OPAC | No |
| Fecha de último préstamo | Total préstamos | Signatura topográfica | Código de barras | Última vez visto | Ejemplar | Costo de reposición | Price effective from | Tipo de ítem | Nota pública (OPAC) | Perdido | Sistema de clasificación | Dañado | No prestable | Tipo de ítem específico | Suprimido | Ubicación habitual | Ubicación actual | Localización | Fecha de creación | Forma de adquisición | Costo |
|---|---|---|---|---|---|---|---|---|---|---|---|---|---|---|---|---|---|---|---|---|---|
| 10/03/2023 | 2 | 782.14 K162c | 100171140 | 28/04/2026 | Ej.1 | 26000.00 | 09/03/2023 | Libro | Spot Teatro Musical | DEWEY | Libro | Sede del emprendimiento y la innovación | Sede del Emprendimiento, Innovación y Creación | 1er piso | 09/03/2023 | Donación | 0.00 |